000 00735nam a2200217 i 4500
001 186537
003 SpMaBN
005 20260525062938.0
008 161123s1950 ag |||| |dspa d
080 _a821.134.2.09
100 1 _aReyes, Alfonso,
_d1889-1959
_996554
245 1 0 _aCuatro ingenios /
_cAlfonso Reyes.
260 _aBuenos Aires :
_bEspasa-Calpe Argentina,
_c1950.
300 _a143 p. ;
_c18 cm.
490 1 _aColección austral ;
_v954
505 8 _aContiene: ;
_tArcipreste de Hita ;
_tLope de Vega ;
_tQuevedo ;
_tGracián
650 4 _aLiteratura española-
_xHistoria y crítica
_914560
830 0 _aColección austral
_v954
_9177655
852 _aES-MaACL
_jL-30882
_z. - Donat. Miguel A. Velasco
999 _c186537
_d186537